000 00581nam a2200157Ia 4500
008 210719s1993 xx 000 0 und d
041 _aeng
082 _a301.06 INDT
100 _aINDIAN SOCIOLOGICAL SOCIETY
245 _aTwenty all India sociological conference. 29-31 December 1993 Mangalore. Abstracts of papers.
260 _aMangalore.
_bSt. Aloysius College.,
_c1993
300 _a190
_bPB
365 _cRs
650 _aSociology
906 _aSociological conference proceedings St. Aloysius College, Mangalore., Religion, Region, Backward classes, Rural, Urban, Gender
999 _c212210
_d212210